| 000 | 00408 a2200157 4500 | ||
|---|---|---|---|
| 020 | _a9695191134 | ||
| 082 | _a181.07 | ||
| 090 |
_c5961 _d5961 |
||
| 100 | _aWalbridge,J. | ||
| 245 |
_aTHE PHILOSOPHY ILLUMINATION. _bHikmat al-Ishraq. _cJ.Walbridge & Hossein Ziai. |
||
| 250 | _a1st | ||
| 260 |
_aLahore _bSuhail Academy. _c2005. |
||
| 300 | _a218p. | ||
| 500 | _aHardcover | ||
| 942 |
_aNBS _cBK _k181.07 WAL |
||
| 999 |
_c348352 _d348352 |
||